=LDR 00000nam 2200000 4500 =001 INLIS000000000050322 =005 20170427023317 =035 ##$$a 0010-0417000137 =007 ta =008 170427###########################0###### =020 ##$$a 978 - 602 - 6348-36-5 =082 ##$$a 635.4 =084 ##$$a 635.4 PUT k =100 #$$a Putri, Utami =245 1#$$a Kiat sukses usaha budidaya sawi /$c Utami Putri =250 ##$$a Cet.1 =260 ##$$a Yogyakarta :$b Vilam Media,$c 2016 =300 ##$$a 108 hlm : $b Ilus ; $c 20, 5 cm. =650 ##$$a Sawi, Sayuran Hijau =990 ##$$a 75337533 =990 ##$$a 75337533 =990 ##$$a 31700355 =990 ##$$a 02201707533 =990 ##$$a 31700356 =990 ##$$a 31700355